MARC details
| 000 -LEADER |
| fixed length control field |
02537cam a2200301Ii 4500 |
| 001 - CONTROL NUMBER |
| control field |
233549498 |
| 003 - CONTROL NUMBER IDENTIFIER |
| control field |
OCoLC |
| 005 - DATE AND TIME OF LATEST TRANSACTION |
| control field |
20241126110707.0 |
| 008 - FIXED-LENGTH DATA ELEMENTS--GENERAL INFORMATION |
| fixed length control field |
080706r20092008nyu b 001 0 eng d |
| 020 ## - INTERNATIONAL STANDARD BOOK NUMBER |
| International Standard Book Number |
9781594483493 (pbk.) |
| 022 ## - INTERNATIONAL STANDARD SERIAL NUMBER |
| International Standard Serial Number |
9780340979334 |
| 035 ## - SYSTEM CONTROL NUMBER |
| System control number |
(OCoLC)233549498 |
| 040 ## - CATALOGING SOURCE |
| Original cataloging agency |
BTCTA |
| Language of cataloging |
eng |
| Description conventions |
rda |
| Transcribing agency |
BTCTA |
| Modifying agency |
BAKER |
| -- |
YDXCP |
| -- |
LD4 |
| -- |
CTB |
| -- |
FIN |
| 082 04 - DEWEY DECIMAL CLASSIFICATION NUMBER |
| Classification number |
239 |
| Edition information |
22 |
| Item number |
KEL |
| 090 ## - LOCALLY ASSIGNED LC-TYPE CALL NUMBER (OCLC); LOCAL CALL NUMBER (RLIN) |
| Classification number (OCLC) (R) ; Classification number, CALL (RLIN) (NR) |
BT1103 |
| Local cutter number (OCLC) ; Book number/undivided call number, CALL (RLIN) |
.K45 2009 |
| 100 1# - MAIN ENTRY--PERSONAL NAME |
| Personal name |
Keller, Timothy, |
| Dates associated with a name |
1950- |
| Authority record control number or standard number |
http://id.loc.gov/authorities/names/n88265848 |
| 9 (RLIN) |
15616 |
| 245 14 - TITLE STATEMENT |
| Title |
The reason for God : |
| Remainder of title |
belief in an age of skepticism / |
| Statement of responsibility, etc. |
Timothy Keller. |
| 264 #1 - PRODUCTION, PUBLICATION, DISTRIBUTION, MANUFACTURE, AND COPYRIGHT NOTICE |
| Place of production, publication, distribution, manufacture |
London : |
| Name of producer, publisher, distributor, manufacturer |
Hodder & Stoughton Ltd, |
| Date of production, publication, distribution, manufacture, or copyright notice |
2017. |
| 300 ## - PHYSICAL DESCRIPTION |
| Extent |
xxvii, 292 pages ; |
| Dimensions |
21 cm |
| 336 ## - CONTENT TYPE |
| Content type term |
text |
| Content type code |
txt |
| Source |
rdacontent |
| 337 ## - MEDIA TYPE |
| Media type term |
unmediated |
| Media type code |
n |
| Source |
rdamedia |
| 338 ## - CARRIER TYPE |
| Carrier type term |
volume |
| Carrier type code |
nc |
| Source |
rdacarrier |
| 505 00 - FORMATTED CONTENTS NOTE |
| Miscellaneous information |
The |
| Title |
leap of doubt -- |
| -- |
There can't be just one true religion -- |
| -- |
How could a good God allow suffering? -- |
| -- |
Christianity is a strait jacket -- |
| Miscellaneous information |
The |
| Title |
church is responsible for so much injustice -- |
| -- |
How can a loving God send people to hell? -- |
| -- |
Science has disproved Christianity -- |
| -- |
You can't take the Bible literally -- |
| -- |
Intermission -- |
| Miscellaneous information |
The |
| Title |
reasons for faith -- |
| Miscellaneous information |
The |
| Title |
clues of God -- |
| Miscellaneous information |
The |
| Title |
knowledge of God -- |
| Miscellaneous information |
The |
| Title |
problem of sin -- |
| -- |
Religion and the Gospel -- |
| Miscellaneous information |
The |
| Title |
(true) story of the cross -- |
| Miscellaneous information |
The |
| Title |
reality of the Resurrection -- |
| Miscellaneous information |
The |
| Title |
dance of God -- |
| Miscellaneous information |
Epilogue : where do we go from here? |
| 520 ## - SUMMARY, ETC. |
| Summary, etc. |
Although a vocal minority continues to attack religious faith, for most Americans, faith is a large part of their lives: 86% of Americans refer to themselves as religious, and 75% of all Americans consider themselves Christians. So how should they respond to these passionate, learned, and persuasive books that promote science and secularism over religion and faith? For years, Tim Keller has compiled a list of the most frequently voiced "doubts" skeptics bring to his Manhattan church; here, he dismantles each of them. Written with atheists, agnostics, and skeptics in mind, Keller also provides an intelligent platform on which true believers can stand their ground when bombarded by the backlash. This book challenges such ideology at its core and points to the true path and purpose of Christianity.--From publisher description. |
| 650 #0 - SUBJECT ADDED ENTRY--TOPICAL TERM |
| Topical term or geographic name entry element |
Apologetics. |
| Authority record control number or standard number |
http://id.loc.gov/authorities/subjects/sh85006028 |
| 9 (RLIN) |
85 |
| 776 08 - ADDITIONAL PHYSICAL FORM ENTRY |
| Relationship information |
Online version: |
| Main entry heading |
Keller, Timothy J., 1950- |
| Title |
Reason for God. |
| Edition |
1st Riverhead trade pbk. ed. |
| Place, publisher, and date of publication |
New York : Riverhead Books, 2009 |
| Record control number |
(OCoLC)624648234 |
| 942 ## - ADDED ENTRY ELEMENTS (KOHA) |
| Source of classification or shelving scheme |
Dewey Decimal Classification |
| Koha item type |
Books |
| Koha issues (borrowed), all copies |
24 |